| 000 | 00586nam a2200181 i 4500 | ||
|---|---|---|---|
| 001 | 98063 | ||
| 003 | ES-MaACL | ||
| 005 | 20231229063025.0 | ||
| 007 | t| | ||
| 008 | 050721s1971 sp ||||1| spa d | ||
| 100 | 1 |
_aMarquerie, Alfredo, _d1907-1974 _976973 |
|
| 245 | 1 | 0 |
_aPersonas y personajes _b: memorias informales / _cAlfredo Marquerie; prólogo de Sebastián Gasch. |
| 260 |
_aBarcelona : _bDopesa, _c1971. |
||
| 300 |
_a300 p., lám. ; _c22 cm. |
||
| 700 | 1 |
_aGasch, Sebastià ( _d1897-1980) _955838 |
|
| 852 |
_aES-MaACL _jC-38360 _bR.77273 |
||
| 999 |
_c98063 _d98063 |
||